| 000 | 00854nas a2200277 4500 | ||
|---|---|---|---|
| 001 | BR9203793 | ||
| 003 | BR-BrBNA | ||
| 005 | 20231205095059.0 | ||
| 007 | ta | ||
| 008 | 230509b bl.|||p| |||| 00| 00por d | ||
| 040 |
_aBR-BrBNA _bpor _cBiblioteca Nacional de Agricultura |
||
| 041 | _a(Pt) | ||
| 072 | _aF03; H10 | ||
| 100 | 1 | _aMinussi, E. | |
| 100 | 1 | _aVargas, J.N.R. de | |
| 100 | 1 | _aCadore, R. | |
| 100 | 1 | _aSilveira, T.L.D. da | |
| 245 | 1 | _aEfeito do tratamento quimico em sementes de colza (Brassica napus L. var. oleifera Metzg.) | |
| 650 | _aColza | ||
| 650 | _aSemente | ||
| 650 | _aTratamento Fitossanitario | ||
| 650 | _aFungicida | ||
| 773 | 0 |
_tRevista do Centro de Ciencias Rurais (Brazil) _xISSN 0085-5901 _g(Jul-Sep 1986), v. 16(3) p. 211-218 _wBR9203793 |
|
| 909 |
_a202311 _bLúcia _c55 _dLúcia Elande |
||
| 942 |
_2AGRIS _n0 _cANA |
||
| 999 |
_c148610 _d148610 |
||